Learning Resource and Development

International public management journal : (Record no. 29208)

MARC details
000 -LEADER
fixed length control field 01275cas a2200361 i 4500
001 - CONTROL NUMBER
control field 14206183
005 - DATE AND TIME OF LATEST TRANSACTION
control field 20250320104844.0
008 - FIXED-LENGTH DATA ELEMENTS--GENERAL INFORMATION
fixed length control field 032025c2013 pauqr pso 0 a0eng
022 ## - INTERNATIONAL STANDARD SERIAL NUMBER
International Standard Serial Number 1096-7494
035 ## - SYSTEM CONTROL NUMBER
System control number (OCoLC)ocm44805731
040 ## - CATALOGING SOURCE
Original cataloging agency EXW
Language of cataloging eng
Transcribing agency CSPC
042 ## - AUTHENTICATION CODE
Authentication code nsdp
-- pcc
050 00 - LIBRARY OF CONGRESS CALL NUMBER
Classification number JA1
222 #0 - KEY TITLE
Key title International public management journal
Qualifying information (Online)
245 10 - TITLE STATEMENT
Title International public management journal :
Remainder of title IPMJ.
260 ## - PUBLICATION, DISTRIBUTION, ETC.
Place of publication, distribution, etc. [New York, NY] :
Name of publisher, distributor, etc. Elsevier Science, Inc
260 3# - PUBLICATION, DISTRIBUTION, ETC.
Place of publication, distribution, etc. Philadelphia :
Name of publisher, distributor, etc. Taylor & Francis
Date of publication, distribution, etc. 2013-
300 ## - PHYSICAL DESCRIPTION
Extent volumes :
Other physical details illustrations ;
Dimensions 26 cm
321 ## - FORMER PUBLICATION FREQUENCY
Former publication frequency Quarterly
336 ## - CONTENT TYPE
Content type term text
Content type code txt
Source rdacontent
337 ## - MEDIA TYPE
Media type term computer
Media type code c
Source rdamedia
338 ## - CARRIER TYPE
Carrier type term online resource
Carrier type code cr
Source rdacarrier
490 ## - SERIES STATEMENT
Materials specified Printed Journal Materials
500 ## - GENERAL NOTE
General note Includes bibliographical references.
650 #0 - SUBJECT ADDED ENTRY--TOPICAL TERM
Topical term or geographic name entry element Public administration
Form subdivision Periodicals.
650 #0 - SUBJECT ADDED ENTRY--TOPICAL TERM
Topical term or geographic name entry element Administrative agencies
Form subdivision Periodicals.
650 #7 - SUBJECT ADDED ENTRY--TOPICAL TERM
Topical term or geographic name entry element Administrative agencies.
Source of heading or term fast
Authority record control number or standard number (OCoLC)fst00796723
650 #7 - SUBJECT ADDED ENTRY--TOPICAL TERM
Topical term or geographic name entry element Public administration.
Source of heading or term fast
Authority record control number or standard number (OCoLC)fst01081976
655 #0 - INDEX TERM--GENRE/FORM
Genre/form data or focus term Electronic journals.
655 #7 - INDEX TERM--GENRE/FORM
Genre/form data or focus term Periodicals.
Source of term fast
Authority record control number or standard number (OCoLC)fst01411641
942 ## - ADDED ENTRY ELEMENTS (KOHA)
Source of classification or shelving scheme Dewey Decimal Classification
Koha item type Serials
Suppress in OPAC No
Holdings
Withdrawn status Lost status Source of classification or shelving scheme Damaged status Not for loan Home library Current library Shelving location Date acquired Serial Enumeration / chronology Total Checkouts Full call number Barcode Date last seen Copy number Price effective from Koha item type Public note
    Dewey Decimal Classification   On Process Main Library Main Library Serials 03/20/2025 Vol.16, No.4 2013   Ser BUSS 25 v.16 n.4 2013 00916S 03/20/2025 1 03/20/2025 Serials Journal
    Dewey Decimal Classification   On Process Main Library Main Library Serials 03/20/2025 Vol.16, No.2 2013   Ser BUSS 25 v.16 n.2 2013 00917S 03/20/2025 1 03/20/2025 Serials Journal